00352nam a2200121Ia 450000500170000000800410001710000200005824501080007825000110018626000110019730000110020865000110021920260328101446.0260328s9999||||xx |||||||||||||| ||und|| aSturm, James L. 0aStained glass from medieval times to the present :b Treasures to be seen in New York /cJames L. Sturm a5a ed. bDutton a152 p. aVIDRIO